• 首页
  • 本馆介绍
  • 公告通知
  • 最新文献
  • 馆藏检索
  • 电子资源
  • 读者导购
  • 参考咨询
  • 我的图书馆
  • 登录
  • 详细信息显示
  • 放入我的书架
  • 预约/预借图书
  • 作者相关作品
  • 分类相关作品
  • 丛书相关作品
  • 出版社相关作品

书目信息

  • 表格格式
  • 工作单格式
  • 卡片格式
题名:
动物解剖学及实验教程
    
 
作者: 陈耀星 主编
分册: 第1分册   畜禽解剖学
出版信息: 北京   中国农业大学出版社  2017
页数: 272页
开本: 29cm
丛书名:
单 册:
中图分类: Q954.5-33 , S852.1-33
科图分类:
主题词: 动物解剖学--dong wu jie pou xue
电子资源:
ISBN: 978-7-81117-833-3
000 01053nam 2200301 45
001 012001003248
005 20191204111847.20
010    @a978-7-81117-833-3@dCNY36.00
099    @aCAL 012010123640
100    @a20100317d2010 em y0chiy50 ea
101 0  @achi
102    @aCN@b110000
105    @aafk a 000yy
106    @ar
200 1  @a动物解剖学及实验教程@Adong wu jie pou xue ji shi yan jiao cheng@h第1分册@i畜禽解剖学@f陈耀星主编
205    @a第3版
210    @a北京@c中国农业大学出版社@d2017
215    @a272页@c图 (部分彩图)@d29cm
320    @a有书目
330    @a本书共14章,前13章的比较解剖学,分别按系统比较叙述家畜各器官的一般形态、结构、位置关系;最后一章则重点叙述家禽的解剖学特征。
333    @a普通高等教育“十一五”国家级规划教材 面向21世纪课程教材
517 1  @a畜禽解剖学@Achu qin jie pou xue
606 0  @a动物解剖学@Adong wu jie pou xue
690    @aQ954.5-33@v4
690    @aS852.1-33@v4
701  0 @a陈耀星@Achen yao xing@4主编
801  0 @aCN@b北京卓展@c20191020
905    @b1210934-7@dQ954.5-33@e266:1=3@f4
    
    动物解剖学及实验教程.第1分册.畜禽解剖学/陈耀星主编.-第3版.-北京:中国农业大学出版社,2017
    272页:图 (部分彩图);29cm
    使用对象:普通高等教育“十一五”国家级规划教材 面向21世纪课程教材
    
    ISBN 978-7-81117-833-3:CNY36.00
    本书共14章,前13章的比较解剖学,分别按系统比较叙述家畜各器官的一般形态、结构、位置关系;最后一章则重点叙述家禽的解剖学特征。
●
相关链接 在E读中查询图书 在五车中查询图书 在当当中查询图书 在豆瓣中查询图书


正题名:动物解剖学及实验教程     索取号:Q954.5-33/266:1=3         预约/预借

序号 登录号 条形码 馆藏地/架位号 状态 备注
1 1210934   212109341   第二样本阅览室/ [索取号:Q954.5-33/266:1=3] 在馆    
2 1210935   212109350   第三借阅区/ [索取号:Q954.5-33/266:1=3] 在馆    
3 1210936   212109369   第三借阅区/ [索取号:Q954.5-33/266:1=3] 在馆    
4 1210937   212109378   第三借阅区/ [索取号:Q954.5-33/266:1=3] 在馆    
唐山师范学院图书馆 欢迎您!
大连网信软件有限公司© 版权所有